[Event "Zuerich Christmas op 44th"]
[Site "Tornelo INT"]
[Date "2020.12.29"]
[Round "6"]
[White "Breyer, Thierry"]
[Black "Chockalingam, Krithik"]
[Result "1-0"]
[WhiteElo "1575"]
[BlackElo "1622"]
[PlyCount "127"]
[EventDate "2020.12.26"]
[EventType "swiss"]
[EventRounds "7"]
[EventCountry "SUI"]
[SourceTitle "CBM 200 Extra"]
[Source "ChessBase"]
[SourceDate "2021.03.31"]
[SourceVersion "1"]
[SourceVersionDate "2021.03.31"]
[SourceQuality "1"]

1. e4 c6 2. d4 d5 3. exd5 cxd5 4. c4 Nf6 5. Nc3 e6 6. Nf3 Nc6 7. Bg5 Be7 8. c5 h6 9. Bf4 Nh5 10. Be5 Nxe5 11. Nxe5 Nf6 12. Bd3 Nd7 13. Qh5 Nxe5 14. Qxe5 Bf6 15. Qg3 Bd7 16. Ne2 Qa5+ 17. Kf1 Bb5 18. h3 Bxd3 19. Qxd3 0-0 20. g3 Rac8 21. a3 Qc7 22. Kg2 Rfd8 23. b4 Qe7 24. f4 g6 25. Nc3 Qf8 26. Rac1 Be7 27. Rhe1 Qg7 28. g4 Kh8 29. Qe3 Re8 30. Nb5 a6 31. Nd6 Bxd6 32. cxd6 Rcd8 33. Rc7 Rxd6 34. Rxb7 Rc6 35. Rd7 Rec8 36. Qe5 Qxe5 37. fxe5 Rc2+ 38. Kf3 Kg7 39. Ra7 Rh2 40. Kg3 Ra2 41. Re3 Rd2 42. Rf3 Rf8 43. Rxa6 Rxd4 44. b5 Rc4 45. Rd6 Rb8 46. Rd7 Rf8 47. b6 d4 48. b7 Kg8 49. Rdxf7 Rb8 50. Rf8+ Rxf8 51. Rxf8+ Kxf8 52. b8Q+ Kf7 53. Qb7+ Kf8 54. Qf3+ Kg8 55. Qf6 Rc3+ 56. Kf2 d3 57. Qxg6+ Kf8 58. Qxh6+ Kg8 59. Qxe6+ Kf8 60. Ke3 Rc2 61. Kxd3 Rf2 62. Qd6+ Ke8 63. Qc6+ Kd8 64. Qb6+ 1-0